Administración de empresas
Uloženo v:
| Hlavní autor: | |
|---|---|
| Médium: | Kniha |
| Vydáno: |
San José, Costa Rica
1987
|
| Tagy: |
Přidat tag
Žádné tagy, Buďte první, kdo vytvoří štítek k tomuto záznamu!
|
MARC
| LEADER | 00000nam a2200000Ia 4500 | ||
|---|---|---|---|
| 003 | 004499 | ||
| 005 | 20221231144346.0 | ||
| 008 | 140114s1987 cr a m 000 ||s d | ||
| 040 | |c cru CEDI | ||
| 090 | |a TFG 2033 | ||
| 100 | |a Morales González, Enrique Alberto |9 13739 | ||
| 245 | |a Administración de empresas | ||
| 260 | |c 1987 |a San José, Costa Rica | ||
| 300 | |a 174 hojas : ilustraciones ; 28 cm | ||
| 500 | |a Tesis (licenciatura en administracion de empresas)--Universidad de Costa Rica.Facultad de Ciencias Económicas. Escuela de Administración de Negocios, | ||
| 942 | |c TFG | ||
| 999 | |c 20701 |d 20701 | ||
